[Event "ARG-ch U20"]
[Site "Buenos Aires"]
[Date "2023.02.21"]
[Round "9"]
[White "Schnaider, Ilan"]
[Black "Hilt, Juan Ignacio"]
[Result "1-0"]
[WhiteElo "2229"]
[BlackElo "1597"]
[PlyCount "119"]
[EventDate "2023.02.17"]
[EventType "swiss"]
[EventRounds "9"]
[EventCountry "ARG"]
[SourceTitle "EXT 2024"]
[Source "ChessBase"]
[SourceDate "2023.10.10"]
[SourceVersion "1"]
[SourceVersionDate "2023.10.10"]
[SourceQuality "1"]

1. e4 c6 2. Nc3 d5 3. Nf3 Bg4 4. h3 Bxf3 5. Qxf3 Nf6 6. exd5 cxd5 7. d4 Nc6 8. Bb5 e6 9. Bg5 Be7 10. 0-0 0-0 11. Rad1 Qb6 12. Qd3 a6 13. Ba4 Rac8 14. Bb3 Na5 15. Ne2 Nxb3 16. axb3 Qc7 17. Bxf6 Bxf6 18. Rc1 b5 19. c3 g6 20. Ra1 Qb6 21. b4 Ra8 22. Ra5 Ra7 23. Rfa1 Rfa8 24. Nc1 Qc6 25. Nb3 Bd8 26. R5a3 Bc7 27. Qe3 Qd6 28. g3 Qb6 29. Qh6 Bd6 30. h4 Bf8 31. Qf4 Bd6 32. Qh6 Bf8 33. Qe3 h5 34. Ra5 Bd6 35. Qe2 Kg7 36. Kg2 Bc7 37. R5a2 Qc6 38. Nc5 Qb6 39. Qf3 Qc6 40. Qe3 Kh7 41. Qg5 Kg7 42. Re1 Re8 43. b3 Bd6 44. Qe3 Bc7 45. Rea1 Rea8 46. Qf3 Bd6 47. Qe2 Bc7 48. Kg1 Kg8 49. c4 bxc4 50. bxc4 dxc4 51. Qxc4 a5 52. b5 Qd6 53. Ne4 Qd8 54. Re2 Bb6 55. Rd2 Kg7 56. d5 exd5 57. Rxd5 Rd7 58. Qc3+ Kh6 59. Qd2+ Kg7 60. Rxd7 1-0